000 01447nam a22002657a 4500
001 7394
003 FISKH
005 20250711145804.0
008 250711b cb ||||| |||| 00| 0 eng d
040 _aFISKH
_beng
_cFISKH
_dFISKH
050 _aQB637.B87
082 _a574.5
100 _aBurt, Denise
245 _aSummer days /
_cDenise Burt
260 _aVicyoria :
_bHodder & Stoughton,
_c1986.
300 _a22 unnumbered pages :
_bcolor illustrations ;
_c24 cm
505 _aG
520 _aSummer Days is a gentle and beautifully illustrated picture book that captures the sights, sounds, and simple joys of summertime in Australia. Through easy-to-read text and vibrant drawings, the story follows a young child experiencing warm, sunny days filled with fun outdoor activities. The child enjoys beach trips, picnics in the park, swimming, and playing under the sun. The story highlights family time, summer holidays, and the natural beauty of the Australian landscape—bright flowers, blue skies, and buzzing insects. The language is simple, making it perfect for preschool and early readers. The book helps children learn about the season of summer, emphasizing sensory experiences and everyday pleasures.
521 8 _a380
_bLexile estimate
521 8 _aG
_bRaz-Plus
650 _aSummer
_vPhotographs
_xWeather
650 _aPicture book
_vSeasons
_xScience & Nature
942 _2ddc
_cBK
_n0
999 _c7394
_d7394